000 01276cam a22003011a 4500
001 gs 31000084
003 DLC
005 20260227111335.0
008 820205s1929 mx abef b f000 0 spa c
010 _ags 31000084
035 _a(OCoLC)8130740
040 _aU.S. Geol. Survey. Library
_cCU-A
_dCU-S
_dDLC
042 _apremarc
043 _an-mx---
050 0 0 _aQE201
_b.A2 num. 49
100 1 _aFlores, Teodoro.
245 1 0 _aReconocimientos geológicos en la región del estado de Sonora /
_cpor Teodoro Flores.
260 _aMéxico :
_bTalleres "La Impresora,"
_c1929.
300 _a[4], ix, [1], [3]-267 p., [144] leaves of plates (some folded) :
_bill., maps, plans ;
_c34 cm.
490 1 _aBoletiń / Instituto geológico de México ;
_vno. 49
500 _aAt head of title: Secretaría de industria, comercio y trabajo ; Departamento de exploraciones y estudios geológicos.
500 _aPlates ii-v, viii-ix, xii, xix-xx, and xxviii in separate envelope.
504 _aIncludes bibliographical references: p. [252]-253.
650 0 _aGeology
_zMexico
_zSonora (State)
650 0 _aMines and mineral resources
_zMexico
_zSonora (State)
710 2 _aInstituto Geológico de México.
830 0 _aBoletiń (Instituto geológico de México) ;
_vno. 49.
999 _c26862
_d26862